000 00665nam a2200253Ia 4500
003 OSt
005 20221005031552.0
006 a|||||r|||| 00| 0
007 ta
008 221004b |||||||| |||| 00| 0 tam d
020 _c03
024 _a63937
037 _cTextual
040 _aCRL
_cCRL
_btam
041 _2tam
_atam
082 _aO31,6NMUx, J8
100 _aMuthusivan Aa. Au.
_9583902
245 0 _aKalingathupparani
260 _aChennai
_bBooks (India) pvt.Ltd. India
_c1958
300 _a296p.
_ccm.
650 _aTAMIL LITERATURE
942 _hO31,6NMUx, J8
_cTEXL
_2cc
999 _c937975
_d937975